| 000 | 01041nam a22002417a 4500 | ||
|---|---|---|---|
| 003 | BD-DhSAU | ||
| 005 | 20181202152125.0 | ||
| 008 | 160823b2016 bg ||||| |||| 001 0 eng d | ||
| 040 | _aBD-DhSAU | ||
| 082 |
_222 _a658.8 _bAk79 |
||
| 100 |
_a Akhtar , Fahmida _eRegistration # 10-03770 |
||
| 245 |
_aEmployee’s job satisfaction: A case study on Janata bank ltd., UGC Branch / _bMS thesis _c Akhtar , Fahmida |
||
| 260 |
_aSher-e-Bangla Agricultural Uniersity : _bDepartment of Agribusiness & Marketing _c2016 |
||
| 300 |
_ax, 62 p. : _bill. ; _c30 cm. |
||
| 500 | _aMS thesis, Department of Agribusiness and marketing, Faculty of Agribusiness Management, Sher-e-Bangla Agricultural University, Dhaka, Bangladesh | ||
| 590 | _aShofi | ||
| 650 | _aAgribusiness & Marketing | ||
| 650 | _aEmployee’s job satisfaction | ||
| 650 |
_aJanata Bank Limited _zUGC Branch |
||
| 700 |
_a Afrin , Sharmin _eSupervisor |
||
| 856 |
_uhttp://archive.saulibrary.edu.bd:8080/xmlui/handle/123456789/1870 _yOnline Access |
||
| 942 |
_2ddc _cTHESIS |
||
| 999 |
_c14113 _d14112 |
||